|
|
|
|
| LEADER |
00000cam a2200000 7i4500 |
| 001 |
0000003000 |
| 005 |
20040331.0 |
| 090 |
0 |
0 |
|a RP 621.381536
|b LEE 1981
|
| 100 |
1 |
0 |
|a LEE
|h Tack Wan
|
| 245 |
1 |
2 |
|a A direct digital readout system for mullen burst tests
|c by Lee Tack Wan
|
| 260 |
0 |
0 |
|a Kuala Lumpur :
|b Forestry Department Peninsular Malaysia ,
|c 1981
|
| 300 |
|
|
|a 33 p. :
|b ill. ;
|c 30 cm.
|
| 440 |
0 |
0 |
|a Research pamphlet ; no. 80
|
| 500 |
0 |
0 |
|a Bibliography : p. 29-30
|
| 650 |
0 |
0 |
|a Detectors
|
| 710 |
1 |
1 |
|a Institut Penyelidikan Perhutanan Malaysia (FRIM)
|
| 998 |
|
|
|a JPSM
|
| 999 |
|
|
|a 0000005323
|b Monograph
|c Open Shelf
|e Default branch
|
| 999 |
|
|
|a 0000005324
|b Monograph
|c Open Shelf
|e Default branch
|
| 999 |
|
|
|a 0000005325
|b Monograph
|c Open Shelf
|e Default branch
|